| 000 | 01015nam a2200289 c 4500 | ||
|---|---|---|---|
| 003 | BLK | ||
| 005 | 20190522092912.0 | ||
| 008 | 180408b bul|||||r ||||||| ||bul|| | ||
| 010 | _aKNG00078154000 | ||
| 020 |
_a978-954-91763-4-6 _bиздат.: INK |
||
| 040 | _aBLK | ||
| 041 |
_aBUL _cBUL |
||
| 080 |
_aРуска литература _b821.161.1 _x-2 _z821.161.1-2 |
||
| 100 | 1 |
_aПелевин, Виктор _eпърви автор _9296556 |
|
| 700 | 1 |
_aНиколчев, Марин _eпрев. от рус. _9296557 |
|
| 139 |
_aПелевин, Виктор _bП 33 |
||
| 245 | 1 | 0 |
_aШлемът на ужаса _cВиктор Пелевин; прев. от рус. Марин Николчев. |
| 257 | _aRUS | ||
| 260 |
_аСофия _bINK _c2007 _fСофия : Мултипринт |
||
| 300 |
_a208 с. _c21 см |
||
| 380 | _aX | ||
| 852 | _aЦб 235949 | ||
| 856 | 4 |
_qpdf _u |
|
| 856 | 4 |
_qpdf _u |
|
| 942 |
_cKNG _n0 _01 |
||
| 944 |
_aCR _c08.10.2007 _kЦветанка_Енчева |
||
| 944 |
_aED _c21.12.2016 _kВиолета_Тройчева |
||
| 999 |
_c73759 _d73759 |
||